| 000 | 00856cam a22002893a 4500 | ||
|---|---|---|---|
| 001 | 560 | ||
| 003 | PGUSA | ||
| 005 | 20140828082950.0 | ||
| 008 | 960601s1996||||xxu|||||s|||||000 1 eng d | ||
| 040 |
_aPGUSA _beng |
||
| 042 | _adc | ||
| 050 | 4 | _aPR | |
| 100 | 1 |
_aBuchan, John, _d1875-1940 |
|
| 245 | 1 | 0 |
_aMr. Standfast _h[electronic resource] / _cJohn Buchan |
| 260 |
_bProject Gutenberg, _c1996 |
||
| 500 | _afollows 39 Steps and Greenmantle | ||
| 506 | _aPublic domain in the USA. | ||
| 516 | _aElectronic text | ||
| 653 | _aHannay, Richard (Fictitious character) -- Fiction | ||
| 653 | _aIntelligence service -- Great Britain -- Fiction | ||
| 653 | _aWar stories | ||
| 653 | _aWorld War, 1914-1918 -- Fiction | ||
| 653 | _aSpy stories | ||
| 830 | 0 |
_aProject Gutenberg _v560 |
|
| 856 | 4 | 0 | _uhttp://www.gutenberg.org/ebooks/560 |
| 942 | _cEB | ||
| 999 |
_c229911 _d229911 |
||